[Event "Augustow op"]
[Site "Augustow"]
[Date "2004.??.??"]
[Round "9"]
[White "Grzyb, Andrzej"]
[Black "Sobolewski, Dawid"]
[Result "1/2-1/2"]
[WhiteElo "1600"]
[BlackElo "1600"]
[PlyCount "100"]
[EventDate "2004.08.??"]
[EventType "swiss"]
[EventRounds "9"]
[EventCountry "POL"]
[SourceTitle "EXT 2008"]
[Source "ChessBase"]
[SourceDate "2007.11.25"]
[SourceVersion "1"]
[SourceVersionDate "2007.11.25"]
[SourceQuality "1"]

1. f4 Nc6 2. Nf3 d5 3. e3 Nf6 4. b3 Bf5 5. Bb2 e6 6. Bb5 Bc5 7. Bxc6+ bxc6 8. Ne5 0-0 9. Nxc6 Qd6 10. Ne5 Be4 11. 0-0 d4 12. Nc4 Qd8 13. Kh1 dxe3 14. Nxe3 Bxe3 15. dxe3 Qxd1 16. Rxd1 Bxc2 17. Rc1 Bxb1 18. Raxb1 Nd5 19. Re1 a5 20. Rbc1 a4 21. Be5 Rfc8 22. e4 Nb4 23. bxa4 Rxa4 24. Rc4 c5 25. Bc3 Rca8 26. Bxb4 cxb4 27. h3 h6 28. f5 Rxa2 29. Rxb4 Rd2 30. Rg1 Rf2 31. fxe6 fxe6 32. Kh2 Re2 33. Kg3 Kf7 34. Rf1+ Kg6 35. Rf2 Rxf2 36. Kxf2 Kf6 37. Ke3 e5 38. Rb6+ Kg5 39. Kd3 Ra3+ 40. Kc4 Kf4 41. Rg6 Rg3 42. Rxg3 Kxg3 43. Kd5 Kf4 44. g3+ Kxg3 45. Kxe5 Kxh3 46. Kf5 g5 47. e5 g4 48. e6 g3 49. e7 g2 50. e8Q g1Q 1/2-1/2

[Event "Augustow op"]
[Site "Augustow"]
[Date "2004.??.??"]
[Round "1"]
[White "Truszkowska, Joanna"]
[Black "Grzyb, Andrzej"]
[Result "0-1"]
[WhiteElo "1400"]
[BlackElo "1600"]
[PlyCount "100"]
[EventDate "2004.08.??"]
[EventType "swiss"]
[EventRounds "9"]
[EventCountry "POL"]
[SourceTitle "EXT 2008"]
[Source "ChessBase"]
[SourceDate "2007.11.25"]
[SourceVersion "1"]
[SourceVersionDate "2007.11.25"]
[SourceQuality "1"]

1. e4 c5 2. Bc4 Nf6 3. d3 g6 4. Nf3 Bg7 5. Ng5 d6 6. Nxf7 Qa5+ 7. c3 Nc6 8. Nxh8 Bxh8 9. 0-0 Qc7 10. Na3 a6 11. Nc2 Ng4 12. g3 h5 13. h3 Nge5 14. Be3 Qd7 15. f3 Qxh3 16. Kf2 Qh2+ 17. Ke1 Qxg3+ 18. Kd2 Bh3 19. Rf2 0-0-0 20. Kc1 Bd7 21. Rf1 Qh4 22. Rh1 Qf6 23. b3 Bg7 24. d4 cxd4 25. cxd4 Nf7 26. b4 b5 27. Bxf7 Qxf7 28. Qe1 Rh8 29. d5 Bxa1 30. dxc6 Bxc6 31. Nxa1 Qxf3 32. Rf1 Qxe4 33. Rf4 Qe5 34. Nc2 Rg8 35. Nd4 Qd5 36. Qc3 Kd7 37. Nxc6 Qxc6 38. Qxc6+ Kxc6 39. Rf7 e5 40. Rf2 Kd5 41. Rd2+ Ke6 42. Rc2 Kd7 43. Bg5 Rc8 44. Rxc8 Kxc8 45. Kd2 Kd7 46. Ke3 Ke6 47. Ke4 d5+ 48. Kd3 Kf5 49. Be3 g5 50. Bxg5 Kxg5 0-1